000 00643nab a22001817a 4500
003 OSt
005 20250505012419.0
008 250404t2005 |||||||| |||| 00| 0 eng d
040 _cJMCFI - Learning Resource Center
082 _aPer. 370.7’051 M689 2004-2006
100 _aDela Cruz, John A
_925613
245 _aSanta Claus in Christmas celebration and tradition /
_cJohn A. Dela Cruz.
260 _aManila :
_bThe Grade School, Inc.,
_c2005.
650 _aSanta Claus
_xTraditions.
_930906
650 _aChrisrtmas
_xTraditions.
_930907
773 _g, volume 54, number 7 (December 2005) page 297.
_tThe Modern Teacher
942 _cPER.
_n0
_2lcc
999 _c9552
_d9552